000 00937cam a2200289 i 4500
001 124510
005 20230410105510.0
008 170310s2008 sp a 000 0 spa
020 _a9788408078098
041 0 _aspa
050 1 4 _aHC 427.95
_bT153s 2008
082 0 0 _a330.951
100 1 _aTamames, Ramón,
_d1933-
245 1 3 _aEl siglo de China :
_bde Mao a primera potencia mundial /
_cRamón Tamames.
260 _aBarcelona :
_bPlaneta,
_c2008.
300 _a492 p. ill.;
_c19 cm.
504 _aIncluye referencias bibliográficas e indice.
651 0 _aChina
_xEconomic conditions
_y2000-
651 0 _aChina
_xRelations
_zForeign countries.
650 4 _aEconomía
_zChina.
651 4 _aChina
_xSituación económica.
651 4 _aChina
_xRelaciones económicas
_zEspaña.
651 4 _aEspaña
_xRelaciones económicas
_zChina.
651 4 _aChina
_xPolítica y gobierno
_y1976-2002.
942 _2lcc
_cbk
946 _almd
999 _c37967
_d37967